| 000 | 00743nam a2200241Ia 4500 | ||
|---|---|---|---|
| 003 | OSt | ||
| 005 | 20220923220046.0 | ||
| 006 | a|||||r|||| 00| 0 | ||
| 007 | ta | ||
| 008 | 220922b |||||||| |||| 00| 0 hin d | ||
| 024 | _a183,902 | ||
| 037 | _cTextual | ||
| 040 |
_aARTS _cARTS _bhin |
||
| 041 |
_2hin _ahin |
||
| 082 | _aO152,1NBH,1, 152L0 | ||
| 100 |
_aभक्त, गुरू भक्तसिंह _9163985 |
||
| 245 | 0 | _aनूरजहां | |
| 246 | _aNūrajahāan | ||
| 260 |
_aआजमगढ _b गुरूदास सिंह _c1970 |
||
| 300 |
_a145 पृ. _ccm. |
||
| 942 |
_hO152,1NBH,1, 152L0 _cTEXL _2CC |
||
| 999 |
_c337201 _d337201 |
||